[Event "186th open MGU"]
[Site "Sofia"]
[Date "2017.05.28"]
[Round "5.4"]
[White "Babatov, Martin"]
[Black "Tsyntsarski, Boyko"]
[Result "1-0"]
[WhiteElo "1741"]
[BlackElo "1661"]
[PlyCount "81"]
[EventDate "2017.05.27"]
[EventType "swiss"]
[EventRounds "6"]
[EventCountry "BUL"]
[SourceDate "2008.07.28"]

1. d4 Nf6 2. Bf4 d5 3. e3 c5 4. Bb5+ Nc6 5. c3 e6 6. Nf3 Bd7 7. O-O a6 8. Bxc6
Bxc6 9. h3 Bd6 10. Bxd6 Qxd6 11. Nbd2 O-O-O 12. dxc5 Qxc5 13. Ne5 Rhf8 14. Nxc6
Qxc6 15. Qe2 Ne4 16. Nxe4 dxe4 17. b4 Rd3 18. Qg4 g6 19. Qh4 h5 20. Qe7 Qd6 21.
Qxd6 Rxd6 22. Rfd1 Rfd8 23. Rd4 f5 24. Rad1 Kc7 25. Kf1 e5 26. Rxd6 Rxd6 27.
Rxd6 Kxd6 28. c4 h4 29. g3 g5 30. gxh4 gxh4 31. Ke2 Kc6 32. f3 exf3+ 33. Kxf3
Kd6 34. e4 fxe4+ 35. Kxe4 b6 36. a3 Ke6 37. c5 bxc5 38. bxc5 a5 39. a4 Kf6 40.
Kd5 Kf5 41. c6 1-0

[Event "186th open MGU"]
[Site "Sofia"]
[Date "2017.05.28"]
[Round "5.6"]
[White "Metev, Martin"]
[Black "Anavi, David"]
[Result "1/2-1/2"]
[WhiteElo "1972"]
[BlackElo "1491"]
[PlyCount "50"]
[EventDate "2017.05.27"]
[EventType "swiss"]
[EventRounds "6"]
[EventCountry "BUL"]
[SourceDate "2008.07.28"]

1. e4 e5 2. Nf3 Nc6 3. Bb5 a6 4. Ba4 Nf6 5. O-O Be7 6. Re1 b5 7. Bb3 d6 8. c3
O-O 9. d4 Bg4 10. d5 Na5 11. Bc2 c5 12. b3 c4 13. b4 Nb7 14. a4 bxa4 15. Bxa4
Bd7 16. Bc6 Qc7 17. Bxd7 Nxd7 18. Be3 a5 19. Nbd2 axb4 20. cxb4 c3 21. Rc1 Rfc8
22. Nf1 Qc4 23. Ng3 g6 24. Bh6 Qxb4 25. Rb1 c2 1/2-1/2

[Event "186th open MGU"]
[Site "Sofia"]
[Date "2017.05.28"]
[Round "5.7"]
[White "Andreev, Dobrotich"]
[Black "Bakalov, Milko"]
[Result "0-1"]
[WhiteElo "1937"]
[BlackElo "1774"]
[PlyCount "50"]
[EventDate "2017.05.27"]
[EventType "swiss"]
[EventRounds "6"]
[EventCountry "BUL"]
[SourceDate "2008.07.28"]

1. e4 c6 2. Nc3 d5 3. Nf3 Bg4 4. h3 Bh5 5. exd5 cxd5 6. Bb5+ Nc6 7. g4 Bg6 8.
Ne5 Rc8 9. d4 e6 10. h4 f6 11. h5 Bxc2 12. Qxc2 fxe5 13. dxe5 Bb4 14. a3 Bxc3+
15. Qxc3 Qb6 16. Ba4 Nge7 17. Bd2 O-O 18. f4 Nd4 19. Qd3 Rc4 20. b3 Nc2+ 21.
Ke2 Re4+ 22. Kf3 Nxa1 23. Rxa1 g5 24. Be3 Rxe3+ 25. Qxe3 Rxf4+ 0-1

[Event "186th open MGU"]
[Site "Sofia"]
[Date "2017.05.28"]
[Round "5.8"]
[White "Grabcheva, Natalia"]
[Black "Georgiev, Nikolay Zh"]
[Result "1-0"]
[WhiteElo "1561"]
[BlackElo "1582"]
[PlyCount "107"]
[EventDate "2017.05.27"]
[EventType "swiss"]
[EventRounds "6"]
[EventCountry "BUL"]
[SourceDate "2008.07.28"]

1. Nf3 d5 2. d4 Nf6 3. e3 Bg4 4. Be2 e6 5. O-O c5 6. b3 Bd6 7. Bb2 O-O 8. c4
Nc6 9. Nbd2 cxd4 10. Nxd4 Bxe2 11. Nxc6 Bxd1 12. Nxd8 Be2 13. Rfe1 Rfxd8 14.
Bxf6 gxf6 15. Rxe2 Bb4 16. cxd5 Rxd5 17. Ne4 Kg7 18. Rc2 Rad8 19. g3 f5 20. Ng5
Kf6 21. h4 h6 22. Nf3 e5 23. Rc7 R8d7 24. Rac1 Ke6 25. Rc8 Rd8 26. R1c7 Rxc8
27. Rxc8 Rd1+ 28. Kg2 Ra1 29. Rh8 f6 30. Rxh6 Rxa2 31. Ng5+ Ke7 32. Rh7+ Kd6
33. Rxb7 Be1 34. Nh3 a5 35. h5 Kc6 36. h6 Rd2 37. Rf7 Kb5 38. Rxf6 Kb4 39. Rf8
Rd7 40. Ng5 Kxb3 41. h7 Rxh7 42. Nxh7 a4 43. Rb8+ Bb4 44. Nf6 Kc4 45. Nd5 Bd6
46. Ra8 a3 47. Nb6+ Kb3 48. Kf3 a2 49. e4 fxe4+ 50. Kxe4 Ba3 51. Nc4 a1=Q 52.
Rxa3+ Qxa3 53. Nxa3 Kxa3 54. Kxe5 1-0

[Event "186th open MGU"]
[Site "Sofia"]
[Date "2017.05.28"]
[Round "5.9"]
[White "Simeonov, Daniel"]
[Black "Sapareva, Magdalena"]
[Result "1-0"]
[WhiteElo "1481"]
[BlackElo "1481"]
[PlyCount "91"]
[EventDate "2017.05.27"]
[EventType "swiss"]
[EventRounds "6"]
[EventCountry "BUL"]
[SourceDate "2008.07.28"]

1. d4 d5 2. e3 c5 3. Nf3 e6 4. c4 Nf6 5. Nc3 a6 6. a4 Nc6 7. Bd3 cxd4 8. exd4
dxc4 9. Bxc4 Be7 10. O-O O-O 11. Bf4 Bd6 12. Be5 Bxe5 13. dxe5 Qxd1 14. Rfxd1
Ng4 15. Re1 Bd7 16. h3 Na5 17. Ba2 Nh6 18. Ne4 b6 19. Nd6 Kh8 20. g4 Nc6 21.
Rad1 Ra7 22. Ng5 Nd8 23. Bb1 g6 24. b3 Kg7 25. Nge4 Ng8 26. g5 Bc6 27. Nf6 Ne7
28. Nc4 Nd5 29. Rd2 Nf4 30. Kh2 b5 31. Red1 Bf3 32. Nd7 Rh8 33. Ne3 Bxd1 34.
Rxd1 Nd5 35. Nf6 Nxe3 36. fxe3 bxa4 37. bxa4 Nc6 38. Ng4 Rd8 39. Rc1 Nb4 40.
Kg3 a5 41. Be4 Rad7 42. Rc5 Rd5 43. Bxd5 Rxd5 44. Rc8 f6 45. gxf6+ Kf7 46. Nh6#
1-0

[Event "186th open MGU"]
[Site "Sofia"]
[Date "2017.05.28"]
[Round "6.2"]
[White "Stoyanov, Georgi St"]
[Black "Ruschukov, Boyan"]
[Result "0-1"]
[WhiteElo "1892"]
[BlackElo "1787"]
[PlyCount "66"]
[EventDate "2017.05.27"]
[EventType "swiss"]
[EventRounds "6"]
[EventCountry "BUL"]
[SourceDate "2008.07.28"]

1. Nf3 Nf6 2. c4 g6 3. Nc3 Bg7 4. d4 O-O 5. e4 d6 6. h3 e5 7. Bg5 h6 8. Bxf6
Qxf6 9. dxe5 dxe5 10. Be2 c6 11. O-O Na6 12. Qc2 Nc5 13. Rad1 Ne6 14. a3 Nf4
15. Nh2 Qg5 16. Bg4 f5 17. Bf3 Nxh3+ 18. Kh1 Nf4 19. Rd6 Ne6 20. Ne2 Qe7 21.
Rdd1 Ng5 22. Ng3 Nxf3 23. gxf3 fxe4 24. fxe4 Be6 25. c5 h5 26. Rg1 Kh7 27. Qe2
Bh6 28. Rd6 Qf7 29. b4 Rae8 30. f3 Bf4 31. Qf2 Re7 32. Rf1 Bh3 33. Rg1 Re6 0-1

[Event "186th open MGU"]
[Site "Sofia"]
[Date "2017.05.28"]
[Round "6.7"]
[White "Anavi, David"]
[Black "Simeonov, Daniel"]
[Result "1-0"]
[WhiteElo "1491"]
[BlackElo "1481"]
[PlyCount "41"]
[EventDate "2017.05.27"]
[EventType "swiss"]
[EventRounds "6"]
[EventCountry "BUL"]
[SourceDate "2008.07.28"]

1. e4 c5 2. c3 Nc6 3. d4 e6 4. Nf3 b6 5. Bf4 d5 6. exd5 exd5 7. Na3 Bd6 8. Bxd6
Qxd6 9. Nb5 Qd8 10. dxc5 bxc5 11. Qxd5 Qxd5 12. Nc7+ Kf8 13. Nxd5 f6 14. Bc4
Ne5 15. Nxe5 fxe5 16. O-O Nf6 17. Rfe1 Rb8 18. b3 e4 19. Nxf6 gxf6 20. Rxe4 Rb7
21. Rae1 1-0